000 00362nam a2200145Ia 4500
008 240624s9999 xx 000 0 und d
041 _aeng
082 _a153.852 MOR
100 _aMORTENSEN KURT W
245 _aMAXIMUM INFLUENCE THE 12 UNIVERSAL LAWS
250 _a(2nd ed.)
260 _c2013
_aUSA
_bAmacom
300 _avii, 247 p.; 23 cm.
365 _c
_b38
999 _c30585
_d30585